00425nam a2200133Ia 4500008004100000100002200041245005700063260000900120300003000129440002400159650001700183999001900200952007200219180117s9999 xx 000 0 und d aby Alex Y Vergara 2aA Cup of Coffee is Lenten Season's New Slab of Steak c2017 a16-18 pages, 2017 April 2 aPhilippine Panorama aLENTEN SESON c353446d353446 001040aCLbCLd2018-01-17l0r2018-01-17 00:00:00w2018-01-17ySE